000 01291nam a2200277 a 4500
001 ebr10537857
003 CaPaEBR
006 m u
007 cr cn|||||||||
008 120317s2012 enka sf 001 0 eng d
020 _z9781849686808
020 _z9781849686815 (e-book)
040 _aCaPaEBR
_cCaPaEBR
035 _a(OCoLC)787844567
050 1 4 _aQA76.754
_b.M53 2012eb
245 0 0 _aMicrosoft SharePoint 2010 developers compendium
_h[electronic resource] :
_bthe best of Packt for extending SharePoint : build an engaging SharePoint site with Visual Studio, Silverlight, PowerShell, and Windows phone 7 : [quick answers to common problems] /
_cseries editor, Carl Jones.
260 _aOlton Birmingham [England] :
_bPackt Pub.,
_c2012.
300 _av, 372 p. :
_bill. (some col.)
500 _aIncludes index.
533 _aElectronic reproduction.
_bPalo Alto, Calif. :
_cebrary,
_d2011.
_nAvailable via World Wide Web.
_nAccess may be limited to ebrary affiliated libraries.
650 0 _aMicrosoft software
_vHandbooks, manuals, etc.
655 7 _aElectronic books.
_2local
700 1 _aJones, Carl.
710 2 _aebrary, Inc.
856 4 0 _uhttp://site.ebrary.com/lib/rucke/Doc?id=10537857
_zAn electronic book accessible through the World Wide Web; click to view
999 _c245189
_d245189